| 000 | 01519cam a2200349 a 4500 | ||
|---|---|---|---|
| 999 |
_c27521 _d27521 |
||
| 001 | 11910347 | ||
| 005 | 20170208163750.0 | ||
| 008 | 000211s2001 nyuab bk 001 0 eng | ||
| 010 | _a 00021587 | ||
| 020 | _a0810934469 (Abrams) | ||
| 020 | _a0130197327 (PH) | ||
| 020 | _a0130197297 (PH : pbk. : v. 1) | ||
| 020 | _a0130197319 (PH : pbk. : v. 2) | ||
| 020 | _a0810941597 (book club : jkt.) | ||
| 020 | _a0810929864 (book club : pbk.) | ||
| 040 |
_aDLC _cDLC _dDLC |
||
| 050 | 0 | 0 |
_aN5300 _b.J3 2001 |
| 100 | 1 |
_aJanson, H. W. _q(Horst Woldemar), _d1913-1982. |
|
| 245 | 1 | 0 |
_aHistory of art / _cH.W. Janson, Anthony F. Janson. |
| 250 | _a6th ed. | ||
| 260 |
_aNew York : _bHarry N. Abrams, _c2001. |
||
| 300 |
_a997 p. : _bill. (some col.), col. map ; _c30 cm. |
||
| 504 | _aIncludes bibliographical references (p. 950-958) and index. | ||
| 504 | _aDiscography: p. 959. | ||
| 650 | 0 |
_aArt _xHistory. |
|
| 700 | 1 | _aJanson, Anthony F. | |
| 906 |
_a7 _bcbc _corignew _d1 _eocip _f20 _gy-gencatlg |
||
| 942 |
_2lcc _cBOOKS _hN 5300 .J3 2001 |
||